Optimal scheduling for biocide and heat exchangers maintenance towards environmentally friendly seawater cooling systems /

Bibliographic Details
Main Author: Binmahfouz, Abdullah
Other Authors: El-Halwagi, Mahmoud M. (Thesis advisor)
Format: Thesis eBook
Language:English
Published: [College Station, Tex.] : [Texas A&M University], [2012]
Subjects:
Online Access:Link to OAK Trust copy

MARC

Tag First Indicator Second Indicator Subfields
LEADER 00000cam a2200000Ka 4500
001 in00002785445
005 20150922145347.0
006 m fo d
007 cr unu||||||||
008 121121s2012 txu obm 000 0 eng d
035 |a (OCoLC)ocn818911594 
035 |a (OCoLC)818911594 
035 |a (TxCM)http://hdl.handle.net/1969.1/ETD-TAMU-2011-08-9388 
040 |a TXA  |c TXA  |d UtOrBLW 
049 |a TXAM 
099 |a 2011  |a Dissertation  |a 1969.1/ETD-TAMU-2011-08-9388 
100 1 |a Binmahfouz, Abdullah. 
245 1 0 |a Optimal scheduling for biocide and heat exchangers maintenance towards environmentally friendly seawater cooling systems /  |c by Abdullah S. O. Binmahfouz. 
264 1 |a [College Station, Tex.] :  |b [Texas A&M University],  |c [2012] 
300 |a 1 online resource. 
336 |a text  |b txt  |2 rdacontent 
337 |a computer  |b c  |2 rdamedia 
338 |a online resource  |b cr  |2 rdacarrier 
500 |a "Major Subject: Chemical Engineering" 
588 |a Description from author supplied metadata (automated record created 2012-10-22 13:24:58). 
502 |b Doctor of Philosophy  |c Texas A&M University  |d 2011  |o http://hdl.handle.net/1969.1/ETD-TAMU-2011-08-9388 
504 |a Includes bibliographical references. 
516 |a Text (Dissertation) 
520 3 |a Using seawater in cooling systems is a common practice in many parts of the world where there is a shortage of freshwater. However, biofouling is one of the major operational problems associated with the usage of seawater in cooling systems. Microfouling is caused by the activities of microorganisms, such as bacteria and algae, producing a very thin layer that sticks to the inside surface of the tubes in heat exchangers. This thin layer has a tremendously negative impact on heat transferred across the heat exchanger tubes in the system. In some instances, even a 250 micrometer thickness of fouling film can reduce the heat exchanger's heat transfer coefficient by 50 percent. On the other hand, macrofouling is the blockage caused by relatively large marine organisms, such as oysters, mussels, clams, and barnacles. A biocide is typically added to eliminate, or at least reduce, biofouling. Typically, microfouling can be controlled by intermittent dosages, and macrofouling can be controlled by continuous dosages of biocide. The aim of this research work is to develop a systematic approach to the optimal operating and design alternatives for integrated seawater cooling systems in industrial facilities. A process integration framework is used to provide a holistic approach to optimizing the design and operation of the seawater cooling system, along with the dosage and discharge systems. Optimization formulations are employed to systematize the decision-making and to reconcile the various economic, technical, and environmental aspects of the problem. Building blocks of the approach include the biocide water chemistry and kinetics, process cooling requirements, dosage scenarios and dynamic profiles, biofilm growth, seawater discharge, and environmental regulations. Seawater chemistry is studied with emphasis on the usage of biocide for seawater cooling. A multi-period optimization formulation is developed and solved to determine: * The optimal levels of dosing and dechlorination chemicals * The timing of maintenance to clean the heat-exchange * The dynamic dependence of the biofilm growth on the applied doses, the seawater-biocide chemistry, the process conditions, and seawater characteristics for each time period. The technical, economic, and environmental considerations of the system are accounted for and discussed through case studies. 
500 |a Electronic resource. 
650 4 |a Major Chemical Engineering. 
653 |a Seawater Treatment 
653 |a Biocide Dosing 
653 |a Process Optimization 
653 |a Energy Conservation 
653 |a Seawater Cooling Systems 
653 |a Mass & Heat Integration 
700 1 |a El-Halwagi, Mahmoud M.,  |e thesis advisor. 
856 4 0 |u http://hdl.handle.net/1969.1/ETD-TAMU-2011-08-9388  |z Link to OAK Trust copy  |t 0 
994 |a C0  |b TXA 
948 |a cataloged  |b h  |c 2012/11/21  |d o  |e agaffey  |f 4:37:34 pm 
999 |a MARS 
999 f f |s 4a39925a-c350-33cc-b36a-c25963f4ebc2  |i 2c0ef735-d9ca-3541-82ed-bfbd45204bb6  |t 0 
952 f f |a Texas A&M University  |b College Station  |c Electronic Resources  |d Available Online  |t 0  |e 2011 Dissertation 1969.1/ETD-TAMU-2011-08-9388  |h Other scheme 
998 f f |a 2011 Dissertation 1969.1/ETD-TAMU-2011-08-9388  |t 0  |l Available Online